000 00598nam a2200229Ia 4500
003 OSt
005 20230324152206.0
008 210423s2006 xx 000 0 und d
020 _a81302486210
040 _cAL
041 _aeng
082 _a330.0151
_223
_bVEEQ
100 _aVEERACHAMY (R)
_977564
245 _aQuantitative methods for economists
260 _aNew Delhi
_bNew Age International
_c2006
300 _axii,696
_bPB
365 _b250
_cINR
650 _aEconomics
_977565
650 _aEconomics
_977565
906 _aeconomists ; methods ; Quantitative
942 _2ddc
_cBK
999 _c155855
_d155855